Đời sống trong thiền viện Nhật Bản

保存先:
書誌詳細
第一著者: Suzuki, Daisetzteitaro
フォーマット: 図書
言語:Undetermined
出版事項: Tp. Hồ Chí Minh Tổng hợp thành phố Hồ Chí Minh 2004
主題:
タグ: タグ追加
タグなし, このレコードへの初めてのタグを付けませんか!
Thư viện lưu trữ: Trung tâm Học liệu Trường Đại học Cần Thơ
LEADER 00640nam a2200193Ia 4500
001 CTU_92926
008 210402s9999 xx 000 0 und d
020 |c 15000 
082 |a 294.3927 
082 |b S968 
100 |a Suzuki, Daisetzteitaro 
245 0 |a Đời sống trong thiền viện Nhật Bản 
245 0 |c Daisetzteitaro Suzuki; Dương Ngọc Dũng, lê Minh Anh hiệu đính 
260 |a Tp. Hồ Chí Minh 
260 |b Tổng hợp thành phố Hồ Chí Minh 
260 |c 2004 
650 |a Zen buddhism 
904 |i Mai Loan 
980 |a Trung tâm Học liệu Trường Đại học Cần Thơ